000 01209nam a22003135a 4500
003 EG-ScBUE
005 20220518111822.0
008 100701s2005 enka f 000 0 eng d
020 _a0582825172 (Student book)
020 _a9780582825178 (Student book)
040 _aEG-ScBUE
_beng
_erda
_cEG-ScBUE
_dEG-ScBUE
082 0 4 _a428.24
_bCUN
_222
100 1 _aCunningham, Sarah,
_d1960-
_eauthor.
_914281
245 1 0 _aNew cutting edge.
_pIntermediate.
_pStudents' book /
_cSarah Cunningham, Peter Moor.
264 1 _aHarlow, England :
_bPearson Education Limited,
_c2005.
300 _a175 pages :
_billustrations ;
_c28 cm
336 _2rdacontent
_atext
_btxt
337 _2rdamedia
_aunmediated
_bn
338 _2rdacarrier
_avolume
_bnc
500 _aMini-Dictionary in pocket of Students' book.
650 7 _aEnglish language
_vTextbooks for foreign speakers.
_2BUEsh
_913993
650 7 _aEnglish language
_xStudy and teaching
_vForeign speakers.
_2BUEsh
_910860
650 7 _aEnglish language
_xGrammar
_vProblems, exercises, etc.
_2BUEsh
_913890
651 _2BUEsh
653 _bHHUUEENN
_cJanuary2019
655 _vReading book
_934232
700 1 _aMoor, Peter,
_d1957-
_eauthor.
_914290
942 _2ddc
_cBB
999 _c14847
_d14847